000
003110000a22001450004500
003
MACL
040
_a
MACL
090
_c
2227
_d
2227
100
_a
Salwi, Dilip M.
245
_a
Men Who Built Computers
260
_b
Publication Division
_c
2006
350
_a
80
650
_a
Computer Science
942
_c
BOOK
_k
004
999
_c
2212
_d
2212